000 00869nam a22002537a 4500
001 6729
003 FISKH
005 20250523102052.0
008 250523b cb ||||| |||| 00| 0 eng d
020 _a9780859531351
040 _aFISKH
_beng
_cFISKH
_dFISKH
050 _aPZ8 .O42
082 _a782.421621300268
100 _aAnonymous
245 _aOld Macdonald had a farm /
_cillustrated by Pam Adams
260 _aSydney :
_bChild's Play,
_c1975.
300 _a16 unnumbered pages :
_bcolor illustrations ;
_c21 cm
505 _aNP
520 _aAn illustrated version of the traditional song describing the inhabitants of Old Macdonald's farm. Some pages are die-cut, permitting a portion of the next illustration to be seen.
650 _aFarm Animals
_vMusic - Songs
700 _aAdams, Pam
_eillustrator
942 _2ddc
_cBK
_n0
999 _c6729
_d6729